| 000 | 00591nam a22001577a 4500 | ||
|---|---|---|---|
| 008 | 230914b |||||||| |||| 00| 0 eng d | ||
| 020 | _a9787113291280 | ||
| 050 |
_aHD 30.23 _b.J56 2022 |
||
| 100 | _aJingQuan, Lv | ||
| 245 |
_aLuban workshop : _bBrand capacity layout goals/ _cLv JingQuan,Zhang Lei, Zhai Fengjie |
||
| 260 |
_aChina : _bChina Railway Press, _c(June 1, 2022). |
||
| 300 | _a189 p. ; | ||
| 490 | _aBook series for luban workshop international development research | ||
| 650 |
_aProject construction _xModeling |
||
| 942 |
_2lcc _cBOOKS _hHD 30.23 .J56 2022 |
||
| 999 |
_c31849 _d31849 |
||